NFL Teams Josh McCown has played for - Statistics

General Stats
  • This quiz has been taken 219 times
  • The average score is 7 of 9
Answer Stats
Hint Answer % Correct
2017-18 New York Jets
93%
2015-16 Cleveland Browns
91%
2014 Tampa Bay Buccaneers
85%
2002-05 Arizona Cardinals
82%
2011-13 Chicago Bears
78%
2007 Oakland Raiders
78%
2006 Detroit Lions
76%
2019 Philadelphia Eagles
75%
2008-09 Carolina Panthers
74%
No matching quizzes found
Score Distribution
Percent of People with Each Score
Percentile by Number Answered
Your Score History
You have not taken this quiz